| 000 | 00883cab a2200241 4500 | ||
|---|---|---|---|
| 001 | WB2919-18 | ||
| 008 | 090401t1993 xxu||||| |||| 00| 0 eng d | ||
| 035 | _a(Sirsi) u31415 | ||
| 041 | _aeng | ||
| 245 | _aCommon land | ||
| 260 | _c1993 | ||
| 350 | _a0 | ||
| 490 |
_aEstates Gazette Case Summaries _v(1993) EGCS 84 (15/5/93) |
||
| 520 | _a"Hanning and others v Top Deck Travel Group Ltd" CA 5 May 1993. The Court of Appeal overturned an earlier decision where the High Court had exercised its discretion to allow vehicular access across common land, thus upholding the plaintiff`s claim under the Law of Property Act 1925. | ||
| 650 | _aEASEMENT | ||
| 650 | _aLAW OF PROPERTY ACT 1925 S193(4) | ||
| 650 | _aLONG USER | ||
| 650 | _aPRESCRIPTIVE RIGHTS | ||
| 650 | _aRIGHT OF WAY | ||
| 690 | _aHIGHWAYS AND RIGHTS OF WAY-CASE LAW | ||
| 942 | _n0 | ||
| 948 | _c04/03/1997 | ||
| 999 |
_c21093 _d21093 |
||